Reading. t.III /
Đã lưu trong:
| 主要作者: | |
|---|---|
| 其他作者: | |
| 格式: | Sách giấy |
| 語言: | English |
| 出版: |
New York :
Cambridge University Press,
1992.
|
| 主題: | |
| 標簽: |
添加標簽
沒有標簽, 成為第一個標記此記錄!
|
| Thư viện lưu trữ: | Thư viện Trường Đại học Đà Lạt |
|---|
| LEADER | 00738nam a2200325 4500 | ||
|---|---|---|---|
| 001 | DLU110120939 | ||
| 005 | ##20110509 | ||
| 040 | # | # | |a DLU |b vie |
| 041 | # | # | |a eng |
| 044 | # | # | |a vn |
| 082 | # | # | |a 428.6 |b GR-S |
| 100 | # | # | |a Greenall, Simon. |
| 245 | # | # | |a Reading. |n t.III / |c Simon Greenall, Diana Pye. |
| 260 | # | # | |a New York : |b Cambridge University Press, |c 1992. |
| 300 | # | # | |a 90 p. ; |c 21 cm. |
| 653 | # | # | |a English language |
| 653 | # | # | |a Reading |
| 700 | # | # | |a Pye, Diana. |
| 923 | # | # | |a 01/2011NN |
| 990 | # | # | |a t.III |
| 991 | # | # | |a GT |
| 992 | # | # | |a 0 |
| 994 | # | # | |a KNN |
| 900 | # | # | |a True |
| 911 | # | # | |a Nguyễn Thanh Hương |
| 925 | # | # | |a G |
| 926 | # | # | |a A |
| 927 | # | # | |a SH |
| 980 | # | # | |a Thư viện Trường Đại học Đà Lạt |